Nhớ anh Hoàng Trung Thông viện trưởng của chúng tôi /

שמור ב:
מידע ביבליוגרפי
מחבר ראשי: Vân Thanh, PGS.PTS.
פורמט: Bài viết
שפה:Vietnamese
נושאים:
תגים: הוספת תג
אין תגיות, היה/י הראשונ/ה לתייג את הרשומה!
Thư viện lưu trữ: Thư viện Trường Đại học Đà Lạt
LEADER 00665nam a2200253 4500
001 DLU090075352
005 ##20090528
040 # # |a DLU  |b vie 
041 # # |a vie 
044 # # |a vn 
100 # # |a Vân Thanh,   |c PGS.PTS. 
245 # # |a Nhớ anh Hoàng Trung Thông viện trưởng của chúng tôi /  |c Vân Thanh. 
653 # # |a Chân dung văn học  
653 # # |a Hồi kí 
653 # # |a Hoàng Trung Thông, 1925-1993  
773 # # |t Tạp chí văn học  |g Số 1, 1998, tr.15-18 
994 # # |a DLU 
900 # # |a True 
911 # # |a Nguyễn Thị Linh Chi 
925 # # |a G 
926 # # |a A 
927 # # |a BB 
980 # # |a Thư viện Trường Đại học Đà Lạt